00554nam a2200157Ia 4500020001700000082002200017245006200039260003500101300001500136504008400151650004000235650002700275650003300302650004100335700002000376 a0-566 050145 aRR 025.30285 DOW; 0aDownloading bibliographic records: edited by John Foulkes aLondonbGower Publishingc1986 aviii, 72p. aIncludes index. Proceedings of one day seminar sponsored by the MARC user group aMachine-readable bibliographic data aLibraries - Automation aLibrary information networks aOnline data processing - Downloading aFoulkes, John